| 000 | 00704nam a22001935i 4500 | ||
|---|---|---|---|
| 001 | 167100 | ||
| 003 | ES-MaACL | ||
| 005 | 20231229063054.0 | ||
| 008 | 961108s1863 sp a |||| | spa d | ||
| 040 |
_aEUS _bspa _cEUS |
||
| 100 | 1 |
_aVega, Ventura de la, _d1807-1865 _9113584 |
|
| 245 | 1 | 3 |
_aLa muerte de César _b: tragedia / _cpor Ventura de la Vega. |
| 260 |
_aMadrid : _b[s.n.], _c1863 ( _fImprenta y Estereotipia de M. Rivadeneyra...) |
||
| 300 |
_aXIX, [2], 126 p. ; _c26 cm. |
||
| 599 | _aPort. con il. tip. | ||
| 852 |
_aES-MaACL _jFol-Laf-166 _z-- Rust. _z-- Legado M. de la Fuente _zEx-libris ms. de Gregorio Morales |
||
| 852 |
_aES-MaACL _jT-175-F-3 |
||
| 999 |
_c167100 _d167100 |
||